000 004200000a22001690004500
003 MACL
005 20160113160310.0
008 160113b xxu||||| |||| 00| 0 eng d
040 _aMACL
_cMACL
041 _aEnglish
082 _a954.01/GOK
100 _aGokhale, B G
_9351
245 _aAncient India
260 _bAsia Publishing House
_c1959
_aBombay
650 _aIndian History
_9227
942 _cBK
_k954.01/Gok
_2ddc
999 _c36194
_d36194